Институт свободы совести и свободы вероисповедания в праве современной России (Запис № 403313)

МАРК-запис
000 -Лідер
fixed length control field 01248nam a22002657a 4500
003 - Ідентифікатор контрольного номера
control field UA-OsUOA
001 - Контрольний номер
control field 117287
007 - Фіксоване поле фізичного опису
fixed length control field ta
008 - Елементи даних фіксованої довжини – загальна інформація
fixed length control field 20160517b un ||||| |||| 00| 0 ukr d
090 ## - Локальний шифр розміщення
Класифікаційний індекс УДК 261.7(470+571)
Авторський знак (НП) П75
040 ## - Джерело каталогізації
Агенція оригінальної каталогізації UA-OsUOA
Мова каталогізації ukr
Агенція, яка здійснювала перезапис UA-OsUOA
Агенція, яка здійснювала модифікацію UA-OsUOA
041 ## - Код мови
Код мови тексту/ звукової доріжки чи окремого заголовка (П) ukr
080 ## - Індекс Універсальної десяткової класифікації
Індекс Універсальної десяткової класифікації (УДК) (НП) 261.7(470+571)
020 ## - Міжнародний стандартний книжковий номер (ISBN)
Міжнародний стандартний книжковий номер (ISBN) (НП) 978-5-9516-0231-2
100 ## - Основне введення – ім’я особи
Ім’я особи (НП) Придворов Н. А.
245 ## - Відомості про назву
Назва (НП) Институт свободы совести и свободы вероисповедания в праве современной России
260 ## - Публікація, розповсюдження і т.п. (Вихідні дані)
Місце публікації, розповсюдження і т.п. (П) М.
Ім’я/ наймення видавництва, розповсюджувача і т.п. (П) Юриспруденция
Дата публікації, розповсюдження і т.п. (П) 2007
300 ## - Фізичний опис
Обсяг 128 с.
520 3# - Резюме і т.п.
Резюме, реферат, анотація, тощо (НП) Оглавление1. Теоретико-правовая характеристика института свободы совести и свободы вероисповедания в российском праве2. Теоретико-правовой анализ законодательства, регулирующего институт свободы совести и свободы вероисповедания РФ
650 #7 - Додаткове предметне введення – тематичний термін
Тематичний термін чи географічна назва, як елемент введення (НП) 26 Християнська Церква загалом
Джерело заголовка чи терміна UDC
700 ## - Додаткове введення – ім'я особи
Ім’я особи (НП) Тихонова Е. В.
942 ## - Додаткові елементи входу (Коха)
Тип елемента Koha Книги
955 ## - Код типу видання за змістом
Код типу видання за змістом (НП) Наукові видання
Фонди
Стан вилучень Стан втрат Джерело класифікації або схеми стелажів Стан уражень Не для кредиту Код колекції Постійне місце розташування Поточне розміщення Дата придбання Джерело придбання Вартість, звичайна ціна покупки Інвентарний номер Усього замовленно Повний номер виклику Штрих-код Дата останнього перегляду Ціна ефективна від Тип елемента Koha
    Universal Decimal Classification     Колекція Колоса М.І. ЧЗ - Читальна зала ЧЗ - Читальна зала 17/05/2016 21/2016 15.00 151189   261.7(470+571) П75 151189 06/02/2022 17/05/2016 Книги